Chuyện vui: Chữ nghĩa và ngôn ngữ tiếng Việt

Сохранить в:
Библиографические подробности
Главный автор: Đỗ Quang Lưu
Формат:
Язык:Undetermined
Опубликовано: Hà Nội VHTT 1999
Предметы:
Метки: Добавить метку
Нет меток, Требуется 1-ая метка записи!
Thư viện lưu trữ: Trung tâm Học liệu Trường Đại học Cần Thơ
LEADER 00505nam a2200169Ia 4500
001 CTU_31197
008 210402s9999 xx 000 0 und d
082 |a 495.9228 
082 |b L656 
100 |a Đỗ Quang Lưu 
245 0 |a Chuyện vui: Chữ nghĩa và ngôn ngữ tiếng Việt 
245 0 |c Đỗ Quang Lưu 
260 |a Hà Nội 
260 |b VHTT 
260 |c 1999 
650 |a rhetoric,vietnamese language 
980 |a Trung tâm Học liệu Trường Đại học Cần Thơ